| 000 | 00355 a2200109 4500 | ||
|---|---|---|---|
| 001 | ART_17310 | ||
| 005 | 20260410161819.0 | ||
| 008 | 260409a | ||
| 245 | 1 | 0 | _aSer asesor fiscal no implica ser partícipe de un delito |
| 100 | 1 | _aRobiglio, Carolina L. | |
| 773 | 0 |
_tDoctrina Penal Tributaria y Económica _g- Nº 2 (jul. 2007) _wREV4317 |
|
| 999 |
_c22159 _d22159 |
||